[Event "Pardubice op"]
[Site "Pardubice"]
[Date "1995.??.??"]
[Round "?"]
[White "Brdicko, Petr"]
[Black "Zagorskis, Darius"]
[Result "0-1"]
[WhiteElo "2250"]
[BlackElo "2520"]
[PlyCount "56"]
[EventDate "1995.07.??"]
[EventType "swiss"]
[EventRounds "9"]
[EventCountry "CZE"]
[SourceTitle "EXT 1997"]
[Source "ChessBase"]
[SourceDate "1996.11.15"]
[SourceVersion "1"]
[SourceVersionDate "1996.11.15"]
[SourceQuality "1"]

1. e4 c5 2. Nf3 d6 3. d4 cxd4 4. Nxd4 Nf6 5. Nc3 a6 6. Bg5 e6 7. f4 Qb6 8. Nb3 Be7 9. Qf3 h6 10. Bxf6 Bxf6 11. 0-0-0 Qc7 12. Nd4 Nc6 13. Nxc6 bxc6 14. g3 Rb8 15. Bg2 d5 16. e5 Be7 17. Rhe1 0-0 18. Bh3 Qa5 19. a3 Rxb2 20. Nb1 Rb6 21. Re3 Bd7 22. Rdd3 c5 23. Rb3 c4 24. Rxb6 Qxb6 25. Nd2 Rb8 26. Bf1 Ba4 27. Kd1 Bc5 28. Re1 Qb2 0-1

[Event "Prague Mladi-A"]
[Site "Prague"]
[Date "1988.??.??"]
[Round "8"]
[White "Brdicko, Petr"]
[Black "Lerner, Konstantin Z"]
[Result "0-1"]
[WhiteElo "2235"]
[BlackElo "2530"]
[PlyCount "80"]
[EventDate "1988.10.??"]
[EventType "tourn"]
[EventRounds "9"]
[EventCountry "CZE"]
[EventCategory "7"]
[SourceTitle "EXT 1997"]
[Source "ChessBase"]
[SourceDate "1996.11.15"]
[SourceVersion "1"]
[SourceVersionDate "1996.11.15"]
[SourceQuality "1"]

1. e4 c5 2. Nf3 d6 3. d4 cxd4 4. Nxd4 Nf6 5. Nc3 Nc6 6. Be2 g6 7. 0-0 Nxd4 8. Qxd4 Bg7 9. Be3 0-0 10. Qd2 Bd7 11. f4 Bc6 12. Bf3 Qc7 13. a4 b6 14. Nd5 Qb7 15. Bd4 e5 16. Bc3 Bxd5 17. exd5 e4 18. Bxf6 Bxf6 19. Bxe4 Bxb2 20. Rab1 Bf6 21. a5 Rfe8 22. Bf3 Qc7 23. axb6 axb6 24. Qb4 Bc3 25. Qb3 Ra5 26. Kh1 b5 27. Rbd1 b4 28. g3 Qc5 29. Kg2 Ra3 30. Qb1 Rea8 31. Be2 Ra2 32. f5 Qe3 33. Bd3 R8a3 34. fxg6 hxg6 35. Rf3 Qh6 36. Qc1 Qxc1 37. Rxc1 b3 38. Bxg6 b2 39. Bxf7+ Kg7 40. Rcf1 Ra1 0-1

[Event "Prague Mladi-A"]
[Site "Prague"]
[Date "1988.??.??"]
[Round "9"]
[White "Okhotnik, Vladimir"]
[Black "Brdicko, Petr"]
[Result "1-0"]
[WhiteElo "2445"]
[BlackElo "2235"]
[PlyCount "155"]
[EventDate "1988.10.??"]
[EventType "tourn"]
[EventRounds "9"]
[EventCountry "CZE"]
[EventCategory "7"]
[SourceTitle "EXT 1997"]
[Source "ChessBase"]
[SourceDate "1996.11.15"]
[SourceVersion "1"]
[SourceVersionDate "1996.11.15"]
[SourceQuality "1"]

1. e4 e5 2. Nf3 Nc6 3. Bc4 Nf6 4. d4 exd4 5. e5 d5 6. Bb5 Ne4 7. Nxd4 Bd7 8. Bxc6 bxc6 9. 0-0 Bc5 10. f3 Ng5 11. f4 Ne4 12. Be3 Bb6 13. Nd2 c5 14. N4b3 Nxd2 15. Qxd2 d4 16. Bf2 0-0 17. c3 Be6 18. cxd4 Bxb3 19. axb3 cxd4 20. f5 Qd5 21. Qf4 Rae8 22. Rae1 f6 23. e6 Qxb3 24. Bxd4 Qxb2 25. Bxb6 cxb6 26. Qc7 Qa3 27. Rd1 Rc8 28. Qf4 Rfd8 29. Rd7 Rxd7 30. exd7 Qc5+ 31. Kh1 Rd8 32. Rd1 Kf8 33. Qe4 Qe5 34. Qc4 Qc5 35. Qd3 a5 36. h3 Qc6 37. Qd4 Ke7 38. Qe3+ Kf8 39. Qa3+ Qc5 40. Qg3 Qe5 41. Qf3 Qb5 42. Rd5 Qc4 43. Qa3+ Qb4 44. Qg3 a4 45. Qc7 Qe1+ 46. Kh2 Qe7 47. Qa7 a3 48. Qxb6 Rxd7 49. Qb8+ Kf7 50. Rxd7 Qxd7 51. Qb3+ Ke7 52. Qe3+ Kf7 53. Qb3+ Ke7 54. Qe3+ Kd8 55. Qxa3 Qxf5 56. Qf8+ Kd7 57. Qxg7+ Kc6 58. Kg3 Qe5+ 59. Kh4 Qf5 60. g4 Qg6 61. Qe7 h5 62. Qe6+ Kc7 63. Qf5 Qg7 64. Kxh5 Kd6 65. h4 Ke7 66. g5 Qh8+ 67. Kg4 fxg5 68. hxg5 Qf8 69. g6 Qg8 70. Kg5 Kd6 71. Qf6+ Kc5 72. g7 Kc4 73. Kg6 Kb5 74. Qf7 Qa8 75. g8Q Qg2+ 76. Kf6 Qf2+ 77. Kg7 Qg3+ 78. Kf8 1-0

[Event "Warsaw Cup"]
[Site "Warsaw"]
[Date "1987.??.??"]
[Round "7"]
[White "Brdicko, Petr"]
[Black "Autowicz, Zenon"]
[Result "1-0"]
[WhiteElo "2260"]
[BlackElo "2240"]
[PlyCount "42"]
[EventDate "1987.04.??"]
[EventType "swiss"]
[EventRounds "11"]
[EventCountry "POL"]
[SourceTitle "EXT 2001"]
[Source "ChessBase"]
[SourceDate "2000.11.22"]
[SourceVersion "1"]
[SourceVersionDate "2000.11.22"]
[SourceQuality "1"]

1. e4 e5 2. Nf3 Nc6 3. Bb5 Nge7 4. c3 g6 5. d4 exd4 6. Nxd4 Bg7 7. Be3 0-0 8. 0-0 d6 9. Nd2 Ne5 10. h3 f5 11. Qb3+ Kh8 12. f4 a6 13. Be2 N5c6 14. Nxc6 Nxc6 15. Bf3 Re8 16. Rae1 fxe4 17. Nxe4 h6 18. Ng3 Qh4 19. Qf7 Bxh3 20. Bf2 Rf8 21. Qxg6 Rg8 1-0

[Event "Warsaw Cup"]
[Site "Warsaw"]
[Date "1987.??.??"]
[Round "10"]
[White "Kojder, Konrad"]
[Black "Brdicko, Petr"]
[Result "1/2-1/2"]
[WhiteElo "2300"]
[BlackElo "2260"]
[PlyCount "27"]
[EventDate "1987.04.??"]
[EventType "swiss"]
[EventRounds "11"]
[EventCountry "POL"]
[SourceTitle "EXT 2001"]
[Source "ChessBase"]
[SourceDate "2000.11.22"]
[SourceVersion "1"]
[SourceVersionDate "2000.11.22"]
[SourceQuality "1"]

1. d4 d5 2. c4 c6 3. Nf3 Nf6 4. e3 e6 5. Bd3 Nbd7 6. 0-0 Bd6 7. Nbd2 0-0 8. e4 e5 9. exd5 cxd5 10. dxe5 Nxe5 11. Nxe5 Bxe5 12. Nf3 dxc4 13. Bxc4 Qxd1 14. Rxd1 1/2-1/2